Rembrandt: materiales, métodos y procedimientos del arte

Sparad:
Bibliografiska uppgifter
Huvudupphovsmän: Bomford, David (Författare, medförfattare), Brown, Christopher (Författare, medförfattare), Roy, Ashok (Författare, medförfattare)
Materialtyp: Bok
Språk:spanska
Publicerad: Barcelona Ediciones del Serbal 1966
Upplaga:1a. ed
Ämnen:
Taggar: Lägg till en tagg
Inga taggar, Lägg till första taggen!

MARC

LEADER 00000cam a2200000 a 4500
001 UCD5453
003 CL-VaPUC
008 160908e19660000sp |||||||||||||||||spa|d
020 |a 8476281722 
082 0 4 |a 759.04  |b BOM  |2 21 
100 0 |a Bomford, David  |e author  |9 589191 
700 0 |a Brown, Christopher  |e author  |9 589192 
700 0 |a Roy, Ashok  |e author  |9 589193 
245 1 0 |a Rembrandt: materiales, métodos y procedimientos del arte 
250 |a 1a. ed 
300 |a 174 p 
942 |c BK 
945 |d 20160908 17:08:00  |a dcastane 
260 |a Barcelona  |b Ediciones del Serbal  |c 1966 
600 0 |a Rembrandt, Harmenszoon van Rijn  |9 331539 
650 7 |a PINTORES HOLANDESES  |2 CL-VaPUC  |9 589194 
650 0 |a Pintura holandesa  |9 267860 
650 0 |a Biografías  |9 255210 
583 |a last modification  |c 20160908 17:08:00  |k Rodrigo Vera 
999 |c 366115  |d 366113 
952 |0 0  |1 0  |3 erb  |4 0  |6 759_040000000000000_BOM_1966  |7 0  |8 R  |9 480144  |a BIBART  |b BIBART  |i 5340721  |l 2  |o 759.04 BOM 1966  |p 5340721  |r 2025-03-13  |s 2023-05-15  |w 2019-11-24  |y BK_R  |z Catalogado en:20160908  |k ART